[Event "Rheinland Pfalz op 8th"]
[Site "Reil an der Mosel"]
[Date "2016.05.28"]
[Round "6"]
[White "Yankelevich, Michael"]
[Black "Vogt, Michael"]
[Result "1-0"]
[WhiteElo "1960"]
[BlackElo "1375"]
[PlyCount "59"]
[EventDate "2016.05.26"]
[EventType "swiss"]
[EventRounds "7"]
[EventCountry "GER"]
[SourceTitle "EXT 2018"]
[Source "ChessBase"]
[SourceDate "2017.10.13"]
[SourceVersion "1"]
[SourceVersionDate "2017.10.13"]
[SourceQuality "1"]

1. e4 e5 2. Nf3 Nf6 3. Nxe5 d6 4. Nf3 Nxe4 5. Nc3 Nxc3 6. dxc3 Be7 7. Bd3 0-0 8. 0-0 Bg4 9. Qe2 Bh5 10. Re1 Nc6 11. Qe4 Bg6 12. Qg4 Bf6 13. Bxg6 hxg6 14. Bg5 Ne5 15. Bxf6 Nxf3+ 16. Qxf3 gxf6 17. Re3 Kg7 18. Rae1 Qd7 19. Qe2 Qc6 20. Re7 Rfd8 21. Qe4 Rac8 22. Qf4 Rd7 23. h3 a5 24. Kh2 b6 25. h4 Rh8 26. Kg1 Qb5 27. R1e6 Rf8 28. Qxf6+ Kg8 29. Re8 Rd8 30. Rxd8 1-0

[Event "Dortmund Sparkassen op-B"]
[Site "Dortmund"]
[Date "2013.07.28"]
[Round "2"]
[White "Bauer, Dieter"]
[Black "Vogt, Michael"]
[Result "1-0"]
[WhiteElo "1673"]
[BlackElo "1371"]
[PlyCount "101"]
[EventDate "2013.07.27"]
[EventType "swiss"]
[EventRounds "9"]
[EventCountry "GER"]
[SourceTitle "EXT 2022"]
[Source "ChessBase"]
[SourceDate "2021.10.06"]
[SourceVersion "1"]
[SourceVersionDate "2021.10.06"]
[SourceQuality "1"]

1. d4 d5 2. e3 Nf6 3. Bd3 e6 4. Nd2 a6 5. b3 c5 6. Bb2 cxd4 7. exd4 Bb4 8. c3 Bd6 9. Ngf3 Nc6 10. Qe2 0-0 11. Ne5 Qc7 12. f4 Nd7 13. 0-0 Ncxe5 14. fxe5 Be7 15. Rf3 f6 16. Rh3 h6 17. Re1 b5 18. Nf3 fxe5 19. Nxe5 Bf6 20. Ng4 Re8 21. Bg6 Bb7 22. Bxe8 Rxe8 23. Nxf6+ Nxf6 24. Qe5 Qe7 25. Bc1 Bc8 26. Bf4 Rf8 27. Qc7 Qe8 28. Qe5 Ng4 29. Qc7 Rf7 30. Qd6 Rd7 31. Qxe6+ Qxe6 32. Rxe6 Rd8 33. Re1 Nf6 34. Rhe3 Ne4 35. Be5 Bf5 36. c4 bxc4 37. bxc4 Ng5 38. cxd5 Rxd5 39. Ra3 Bc8 40. Rc1 Rd8 41. Rac3 Bf5 42. Rc6 Bd3 43. Rc8 Rf8 44. Rxf8+ Kxf8 45. Rc8+ Kf7 46. Rc7+ Ke6 47. Bxg7 Kd6 48. Rc3 Bb5 49. Bxh6 Ne4 50. Re3 Kd5 51. Bg7 1-0

[Event "Dortmund Sparkassen op-B"]
[Site "Dortmund"]
[Date "2013.07.27"]
[Round "1"]
[White "Vogt, Michael"]
[Black "Raskin, Vitaly"]
[Result "0-1"]
[WhiteElo "1371"]
[BlackElo "1691"]
[PlyCount "70"]
[EventDate "2013.07.27"]
[EventType "swiss"]
[EventRounds "9"]
[EventCountry "GER"]
[SourceTitle "EXT 2022"]
[Source "ChessBase"]
[SourceDate "2021.10.06"]
[SourceVersion "1"]
[SourceVersionDate "2021.10.06"]
[SourceQuality "1"]

1. e4 c5 2. Nf3 Nc6 3. Bc4 d6 4. 0-0 Nf6 5. Nc3 g6 6. h3 Bg7 7. Re1 0-0 8. d3 a6 9. a4 e6 10. Bg5 h6 11. Bf4 d5 12. exd5 exd5 13. Bb3 Be6 14. Ba2 Nb4 15. Ne5 Nxa2 16. Nxa2 Qa5 17. Nc3 d4 18. Ne4 Nd5 19. Bd2 Qc7 20. Nf3 Rac8 21. Rc1 b5 22. c3 Nf4 23. Bxf4 Qxf4 24. axb5 axb5 25. g3 Qb8 26. Kg2 Bd5 27. Qd2 f5 28. cxd4 fxe4 29. dxe4 Bc4 30. d5 Qd6 31. Qc2 Qf6 32. Qc3 Qxc3 33. bxc3 Ra8 34. e5 Bxd5 35. Rc2 Rxf3 0-1

[Event "Dortmund Sparkassen op-B"]
[Site "Dortmund"]
[Date "2012.07.16"]
[Round "3"]
[White "Vogt, Michael"]
[Black "Montforts, Ton"]
[Result "0-1"]
[WhiteElo "1352"]
[BlackElo "1641"]
[PlyCount "28"]
[EventDate "2012.07.14"]
[EventType "swiss"]
[EventRounds "9"]
[EventCountry "GER"]
[SourceTitle "EXT 2014"]
[Source "ChessBase"]
[SourceDate "2013.11.20"]
[SourceVersion "1"]
[SourceVersionDate "2013.11.20"]
[SourceQuality "1"]

1. d4 Nf6 2. c4 g6 3. Nf3 Bg7 4. e3 0-0 5. Be2 d6 6. 0-0 Nbd7 7. d5 a5 8. Nc3 Nc5 9. b3 Nxd5 10. cxd5 Bxc3 11. Rb1 Bg7 12. Bb5 Ne4 13. Nd4 Nc3 14. Qc2 Bxd4 0-1

[Event "Hochsauerland-ch U18/20"]
[Site "Winterberg"]
[Date "2002.01.04"]
[Round "4"]
[White "Blocks, Gerold"]
[Black "Vogt, Michael"]
[Result "1-0"]
[WhiteElo "1625"]
[BlackElo "1255"]
[PlyCount "111"]
[EventDate "2002.01.02"]
[EventType "swiss"]
[EventRounds "5"]
[EventCountry "GER"]
[SourceTitle "EXT 2005"]
[Source "ChessBase"]
[SourceDate "2004.11.15"]
[SourceVersion "1"]
[SourceVersionDate "2004.11.15"]
[SourceQuality "1"]

1. c4 e5 2. g3 Nf6 3. Bg2 d5 4. cxd5 Nxd5 5. Nc3 Be6 6. Nf3 Nxc3 7. bxc3 Nc6 8. 0-0 e4 9. Ne1 Bf5 10. Qa4 Bc5 11. Bxe4 Bxe4 12. Qxe4+ Qe7 13. Qxe7+ Bxe7 14. d4 0-0 15. Nd3 Rad8 16. e4 Rfe8 17. f4 Na5 18. Rb1 b6 19. e5 Nc4 20. Nb4 Bxb4 21. Rxb4 Na5 22. f5 c5 23. dxc5 bxc5 24. Rb5 Nc6 25. Rxc5 Nxe5 26. Ra5 Nf3+ 27. Kg2 Nd2 28. Rf2 Ne4 29. Rc2 Rd3 30. c4 f6 31. Rxa7 Ng5 32. c5 Rd1 33. Bxg5 fxg5 34. c6 Rc8 35. c7 g4 36. Rb7 Rd7 37. Rb8 Rdxc7 38. Rxc8+ Rxc8 39. Rxc8+ Kf7 40. Rc6 g5 41. fxg6+ hxg6 42. a4 Kg7 43. a5 Kh7 44. a6 Kh6 45. Rxg6+ Kh5 46. a7 Kxg6 47. a8Q Kh5 48. Qd5+ Kg6 49. h3 gxh3+ 50. Kxh3 Kf6 51. Kg4 Kg6 52. Qe6+ Kg7 53. Kg5 Kf8 54. Qd7 Kg8 55. Kg6 Kf8 56. Qf7# 1-0